|
|
|
|
| LEADER |
00000nam a2200000 a 4500 |
| 001 |
vtls010632006 |
| 003 |
SK-MaSNL |
| 005 |
20260301144737.0 |
| 007 |
co cg muuua |
| 008 |
160429s2014 xo | fs 100 0 slo |
| 015 |
|
|
|a SNBS2015
|
| 020 |
|
|
|a 9788089385287 (elektronická kniha)
|
| 040 |
|
|
|a SNK
|b slo
|c SNK
|e AACR2
|
| 041 |
0 |
|
|a slo
|a cze
|
| 044 |
|
|
|a xo
|c SK
|
| 072 |
|
7 |
|a 502
|x Životné prostredie a jeho ochrana
|2 konspekt
|
| 072 |
|
7 |
|a 504
|x Znečistenie a poškodenie životného prostredia
|2 konspekt
|
| 080 |
|
|
|a 502/504
|2 2001
|
| 080 |
|
|
|a 502.175
|2 2001
|
| 080 |
|
|
|a 504
|2 2001
|
| 080 |
|
|
|a 628.3/.5
|2 2001
|
| 080 |
|
|
|a (0.034.44)
|2 2001
|
| 080 |
|
|
|a (062.534)
|2 2001
|
| 111 |
2 |
|
|a Životné prostredie - problémy a možnosti riešenia
|n (4. :
|d 2014 :
|c Tatranská Lomnica, Slovensko)
|9 161998
|
| 245 |
1 |
0 |
|a Životné prostredie - problémy a možnosti riešenia
|h elektronický zdroj
|b ovzdušie - voda - pôda : zborník publikácií zo IV. ročníka odbornej konferencie s medzinárodnou účasťou
|c editor: Eva Homzová, Tomáš Molčányi
|
| 246 |
3 |
1 |
|a Environment - problems and possible solutions
|b air - water - soil
|
| 260 |
|
|
|a Košice
|b ELSEWA
|c 2014
|
| 300 |
|
|
|a 1 elektronický optický disk (CD-ROM)
|b fareb.
|c 12 cm
|
| 500 |
|
|
|a Názov z titulnej obrazovky
|
| 504 |
|
|
|a Bibliogr. odkazy
|
| 516 |
|
|
|a Textový dokument (zborník), súbory vo formáte pdf a doc
|
| 538 |
|
|
|a Technické požiadavky: PDF prehliadač, textový editor
|
| 546 |
|
|
|a Text čiast. aj čes.
|
| 650 |
0 |
7 |
|a životné prostredie
|2 SNKPH
|9 786
|
| 650 |
0 |
7 |
|a environmentálne problémy
|2 SNKPH
|9 73050
|
| 650 |
0 |
7 |
|a posudzovanie vplyvov na životné prostredie
|2 SNKPH
|9 4214
|
| 650 |
0 |
7 |
|a odpadové hospodárstvo
|2 SNKPH
|9 3603
|
| 650 |
0 |
7 |
|a Environment
|2 SNKPHeng
|9 267078
|
| 650 |
0 |
7 |
|a Environmental problems
|2 SNKPHeng
|9 325620
|
| 650 |
0 |
7 |
|a Environmental impact analysis
|2 SNKPHeng
|9 374211
|
| 650 |
0 |
7 |
|a Waste management
|2 SNKPHeng
|9 267224
|
| 655 |
|
7 |
|a elektronické zdroje
|2 SNKPH
|9 90954
|
| 655 |
|
7 |
|a CD-ROM
|2 SNKPH
|9 70236
|
| 655 |
|
7 |
|a zborníky konferencií
|2 SNKPH
|9 70153
|
| 655 |
|
7 |
|a Electronic resources
|2 SNKPHeng
|9 175546
|
| 655 |
|
7 |
|a Proceedings of conferences
|2 SNKPHeng
|9 265791
|
| 700 |
1 |
|
|a Homzová, Eva
|4 edt
|9 487196
|
| 700 |
1 |
|
|a Molčányi, Tomáš
|4 edt
|9 487197
|
| 919 |
|
|
|a 978-80-89385-28-7
|
| 958 |
|
|
|a NB
|
| 999 |
|
|
|c 778049
|d 779979
|
| 952 |
|
|
|a SNK
|b SNK
|y PREZ
|7 0
|p 17A1118760
|o snkSCDM 6810
|i snk2014/23689
|8 0
|0 0
|1 0
|4 0
|d 2014-10-30
|l 0
|r 2026-02-24 00:55:37
|w 2026-02-24
|
| 952 |
|
|
|t snkZIV 502
|a SNKMST
|b SNKMST
|y PREZ
|7 0
|p 17A1118761
|o snkSCDM 6810 D1
|i snk2014/23690
|8 0
|0 0
|1 0
|4 0
|d 2014-10-30
|l 0
|r 2025-08-11 00:00:00
|w 2026-02-24
|